000 00622nam a2200193Ia 4500
003 GCL
008 140319s9999 xx 000 0 ara d
040 _aGCL /
_cGCL
082 0 4 _a813.01
_bم ا
100 1 _aمروان النعسانى
245 1 0 _aاوراق متناثرة /
_cمروان النعسانى
260 _aبيروت :
_bسوفنير بوك هاوس
300 _a124 ص ؛
_c22 سم
490 _aقصص قصيرة
_v0
650 0 4 _aالادب العربى
650 0 4 _aالقصص العربية للبنان
650 0 4 _aالقصص العربية القصيرة - لبنان
942 _2ddc
_cBK
999 _c27733
_d27733